书目信息 |
| 题名: |
从繁盛到衰败:大陆时期的中国国民党
|
|
| 作者: | 郭贵儒 著 | |
| 分册: | ||
| 出版信息: | 北京 华文出版社 1999.07 |
|
| 页数: | 421页 | |
| 开本: | 32开 | |
| 丛书名: | ||
| 单 册: | ||
| 中图分类: | D193.74-09 | |
| 科图分类: | ||
| 主题词: | 国际共产主义运动 | |
| 电子资源: | ||
| ISBN: | 7-5075-0889-7 | |
| 000 | 00611nam0 2200193 45 | |
| 001 | 0103231026 | |
| 005 | 20010323110218.5 | |
| 010 | @a7-5075-0889-7@d25.00元 | |
| 100 | @a20010323d1999 km y0chiy0120 ea | |
| 101 | 0 | @achi |
| 105 | @a z 000yy | |
| 200 | 1 | @a从繁盛到衰败:大陆时期的中国国民党@ACong Fan Sheng Dao Shuai Bai:Da Lu Shi Qi De Zhong Guo Guo Min Dang@f郭贵儒著@FGuo Gui Ru Zhu |
| 210 | @a北京@c华文出版社@d1999.07 | |
| 215 | @a421页@d32开 | |
| 606 | 0 | @a国际共产主义运动 |
| 690 | @aD193.74-09@v3 | |
| 701 | 0 | @a郭贵儒@4著 |
| 801 | @aCN@bPftUser@c20010323 | |
| 905 | @b331579-581@dD193.74-09@eG731@f3 | |
| 从繁盛到衰败:大陆时期的中国国民党/郭贵儒著.-北京:华文出版社,1999.07 |
| 421页;32开 |
| ISBN 7-5075-0889-7:25.00元 |
| ● |
| 相关链接 |
|
|
|
正题名:从繁盛到衰败:大陆时期的中国国民党
索取号:D193.74-09/G731
 
预约/预借
| 序号 | 登录号 | 条形码 | 馆藏地/架位号 | 状态 | 备注 |
| 1 | 331579 | 203315796 | 社科库509/509社科库 68排5列3层/ [索取号:D193.74-09/G731] | 在馆 | |
| 2 | 331580 | 203315803 | 社科库509/509社科库 68排5列3层/ [索取号:D193.74-09/G731] | 在馆 | |
| 3 | 331581 | 203315812 | 社科库509/509社科库 68排5列3层/ [索取号:D193.74-09/G731] | 在馆 |